Start your own e-business : (Record no. 339599)
[ view plain ]
| 000 -LEADER | |
|---|---|
| fixed length control field | 00794nam a2200289Ia 4500 |
| 008 - FIXED-LENGTH DATA ELEMENTS--GENERAL INFORMATION | |
| fixed length control field | 170711s9999 xx 000 0 und d |
| 020 ## - INTERNATIONAL STANDARD BOOK NUMBER | |
| International Standard Book Number | 9781932156744 |
| 050 ## - LIBRARY OF CONGRESS CALL NUMBER | |
| Classification number | 650 |
| 050 ## - LIBRARY OF CONGRESS CALL NUMBER | |
| Item number | M478 2005 |
| 100 ## - MAIN ENTRY--PERSONAL NAME | |
| Personal name | McGarvey, Robert |
| 245 ## - TITLE STATEMENT | |
| Title | Start your own e-business : |
| 245 ## - TITLE STATEMENT | |
| Remainder of title | your step-by-step guide to success / |
| 245 ## - TITLE STATEMENT | |
| Statement of responsibility, etc | by Robert McGarvey and Melissa Campanelli. |
| 260 ## - PUBLICATION, DISTRIBUTION, ETC. (IMPRINT) | |
| Place of publication, distribution, etc | Canada : |
| 260 ## - PUBLICATION, DISTRIBUTION, ETC. (IMPRINT) | |
| Name of publisher, distributor, etc | Entrepreneur Press, |
| 260 ## - PUBLICATION, DISTRIBUTION, ETC. (IMPRINT) | |
| Date of publication, distribution, etc | 2005 |
| 300 ## - PHYSICAL DESCRIPTION | |
| Extent | xvii, 246 pages : |
| 300 ## - PHYSICAL DESCRIPTION | |
| Other physical details | illustrations ; |
| 300 ## - PHYSICAL DESCRIPTION | |
| Dimensions | 23cm. |
| 300 ## - PHYSICAL DESCRIPTION | |
| Accompanying material | Entrepreneur magazine's. |
| 500 ## - GENERAL NOTE | |
| General note | Includes appendix and index. |
| 650 ## - SUBJECT ADDED ENTRY--TOPICAL TERM | |
| Topical term or geographic name as entry element | Electronic commerce. |
| 650 ## - SUBJECT ADDED ENTRY--TOPICAL TERM | |
| Topical term or geographic name as entry element | New business enterprises. |
| 700 ## - ADDED ENTRY--PERSONAL NAME | |
| Personal name | Campanelli, Melissa. |
| 700 ## - ADDED ENTRY--PERSONAL NAME | |
| Personal name | Series. |
| 700 ## - ADDED ENTRY--PERSONAL NAME | |
| Personal name | Title. |
No items available.